000 00825cab a2200241 4500
001 WB3437-38
008 090401t1998 xxu||||| |||| 00| 0 eng d
035 _a(Sirsi) u88789
041 _aeng
245 _aLay shakes up RICS
260 _c1998
350 _a0
490 _aEstates Gazette
_v(9839) 26 September 1998, 47
490 _aRICS Press Release
_v(pr108.corp) 29 September 1998 (3)
520 _aThe RICS General Council has approved plans to reform the structure of the institution. Council approved the formation of eight task forces to examine a number of key issues. Details.
650 _aAGENDA FOR CHANGE
650 _aCENTRES OF EXPERTISE
650 _aRICS DIVISIONS
650 _aRICS
690 _aMANAGEMENT-BUSINESS MANAGEMENT-PROFESSIONAL PRACTICE
942 _n0
948 _c01/10/1998
999 _c56139
_d56139